000 00612cam a22002293a 4500
001 1570
003 PGUSA
005 20140828083003.0
008 981201s1998||||xxu|||||s|||||000 | eng d
040 _aPGUSA
_beng
042 _adc
050 4 _aBF
100 1 _aDumont, Theron Q.
245 1 4 _aThe Power of Concentration
_h[electronic resource] /
_cTheron Q. Dumont
260 _bProject Gutenberg,
_c1998
506 _aPublic domain in the USA.
516 _aElectronic text
653 _aAttention
830 0 _aProject Gutenberg
_v1570
856 4 0 _uhttp://www.gutenberg.org/ebooks/1570
942 _cEB
999 _c230918
_d230918